Get Rich or Die Tryin' - 50 Cent - Statistics

General Stats
  • This quiz has been taken 30 times
  • The average score is 9 of 19
Answer Stats
Songs Plays Artists % Correct
In Da Club 1,927,418,168 50 Cent
96%
Many Men (Wish Death) 787,134,217 50 Cent
76%
P.I.M.P. 997,436,180 50 Cent
76%
Patiently Waiting 271,979,774 50 Cent, Eminem
68%
Wanksta 130,669,800 50 Cent
64%
Intro 36,778 50 Cent
60%
21 Questions 909,929,395 50 Cent, Nate Dogg
56%
Don't Push Me 67,094,935 50 Cent, Lloyd Banks, Eminem
48%
If I Can't 437,328,841 50 Cent
48%
What Up Gangsta 119,607,309 50 Cent
44%
Back Down 68,713,059 50 Cent
36%
Blood Hound 34,293,119 50 Cent, Young Buck
36%
High All the Time 69,566,484 50 Cent
36%
Gotta Make It To Heaven 22,360,619 50 Cent
32%
Heat 62,018,404 50 Cent
32%
Poor Lil Rich 25,130,201 50 Cent
32%
U Not Like Me 51,297,235 50 Cent
32%
Lifes On The Line 32,259,590 50 Cent
28%
Like My Style 30,784,850 50 Cent, Tony Yayo
28%
No matching quizzes found
Score Distribution
Percent of People with Each Score
Percentile by Number Answered
Your Score History
You have not taken this quiz